header

Visualizing the past (Record no. 36679)

MARC details
000 -LEADER
fixed length control field 01653nam a2200373 a 4500
082 04 - DEWEY DECIMAL CLASSIFICATION NUMBER
Classification number 907.2/043
100 1# - MAIN ENTRY--AUTHOR NAME
Personal name Maurer, Kathrin.
245 10 - TITLE STATEMENT
Title Visualizing the past
260 ## - PUBLICATION, DISTRIBUTION, ETC. (IMPRINT)
Place of publication Berlin ;
-- Boston :
Name of publisher De Gruyter,
Year of publication c2013.
300 ## - PHYSICAL DESCRIPTION
Number of Pages x, 250 p. :
Other physical details ill.
505 0# - FORMATTED CONTENTS NOTE
Formatted contents note pt. 1. Leopold von Ranke and the panorama -- pt. 2. Jacob Burckhardt and photography -- pt. 3. Illustrated history books -- pt. 4. Historical cartography.
650 #0 - SUBJECT ADDED ENTRY--TOPICAL TERM
Topical Term Historiography
Topical Term Art and history
Topical Term Art and society
Topical Term Historicism in art.
856 40 - ELECTRONIC LOCATION AND ACCESS
Uniform Resource Identifier http://site.ebrary.com/lib/rucke/Doc?id=10729090

No items available.

© 2026 Rongo University
Contact us: librarian | system librarian | Rongo university